000 00424nam a22001457a 4500
999 _c7627
_d7625
005 20210316141157.0
008 210316b ||||| |||| 00| 0 eng d
082 _a346.066
100 _aAIYAR, A.N.
_96466
245 _aREPOERTS OF COMPANY CASES INCLUDING CASES ON BANKING AND INSURENCE [VOL-111]
260 _aCHENNAI
_bCOMPANY LAW INSTITUTE OF INDIA
_c2002
300 _a864; i-xxxv,p
650 _aLAW
_95701
942 _cJRL